000 00593nam a2200193Ia 4500
008 151119s9999||||xx |||||||||||||| ||und||
082 _a922.945
082 _bGKKV15995
100 _a"साळुंखे, आ ह"
245 _aविद्रोही तुकाराम
260 _aमुंबई
260 _b----
260 _c2012
600 _a"साळुंखे, आ ह"
630 _aविद्रोही तुकाराम
700 _a"साळुंखे, आ ह"
730 _aविद्रोही तुकाराम
942 _cBOOK
999 _c1069309
_d1069306